Países por mapa de tripuntos #1 - Estadísticas

Estadísticas generales
  • Esta prueba ha sido intentada 1.681 veces
  • La puntuación promedio es 18 de 27
Estadísticas de respuestas
Imagen Respuesta % Correcto
China
96%
Rusia
96%
Mongolia
95%
Arabia Saudita
83%
Emiratos Árabes Unidos
82%
Omán
82%
México
79%
Belice
76%
Guatemala
76%
Alemania
71%
Polonia
70%
República Checa
70%
República Democrática del Congo
66%
Brasil
65%
India
64%
Colombia
63%
Perú
62%
Bangladés
61%
Myanmar
59%
Kenia
58%
Tanzania
57%
Angola
56%
Uganda
56%
Zambia
53%
Rumania
28%
Serbia
28%
Bulgaria
27%
No se encontraron pruebas coincidentes
Distribución de puntuación
Porcentaje de gente con cada puntuación
Porcentaje por número respondido
Historial de tus puntuaciones
No has intentado esta prueba.